[Event "3. Memorial Oliver Gonzalez 2012 - B"]
[Site "Madrid ESP"]
[Date "2012.09.09"]
[Round "9.6"]
[White "Cavalle Pulla, Daniel"]
[Black "Tirado Parra, Alberto"]
[Result "0-1"]
[WhiteElo "2019"]
[BlackElo "1910"]
[PlyCount "114"]
[EventDate "2012.09.01"]
[EventType "swiss"]
[EventRounds "9"]
[EventCountry "ESP"]
[Source "lmi"]
[SourceDate "2012.09.01"]

1. e4 d5 2. exd5 Qxd5 3. Nc3 Qa5 4. d4 c6 5. Bd2 Nf6 6. Bc4 Bf5 7. Nd5 Qd8 8.
Nxf6+ gxf6 9. Nf3 Qc7 10. c3 Nd7 11. Nh4 Bg6 12. g3 e6 13. Bf4 Bd6 14. Bxd6
Qxd6 15. O-O O-O-O 16. Qf3 f5 17. Rfe1 Nf6 18. Ng2 Bh5 19. Qd3 Rhg8 20. Re5 Ne4
21. Nf4 Qxe5 22. dxe5 Rxd3 23. Bxd3 Bf3 24. Bxe4 fxe4 25. h4 Rd8 26. Nh3 h6 27.
Kf1 Rd2 28. b3 Rc2 29. Ng1 Rxc3 30. Nxf3 exf3 31. Rd1 Rc2 32. Kg1 Re2 33. Rd3
Re1+ 34. Kh2 Rxe5 35. Rxf3 f5 36. h5 Re4 37. Kh3 Kd7 38. Rd3+ Ke7 39. f3 Re5
40. g4 Rd5 41. Re3 Kf6 42. f4 fxg4+ 43. Kxg4 Rd2 44. a4 Rg2+ 45. Kf3 Rh2 46.
Kg4 Rd2 47. Kf3 a5 48. Rc3 Rd1 49. Kg4 Rd8 50. Rc5 Rd5 51. Rc3 Rd7 52. Rc5 Rd5
53. Rc3 Rd4 54. Rc5 Rb4 55. Rc3 e5 56. Rc4 Rxc4 57. bxc4 c5 0-1

[Event "3. Memorial Oliver Gonzalez 2012 - B"]
[Site "Madrid ESP"]
[Date "2012.09.09"]
[Round "9.7"]
[White "Rosa Ramirez, Victor D"]
[Black "Rojas Pozo, Jose Luis"]
[Result "0-1"]
[WhiteElo "1951"]
[BlackElo "1963"]
[PlyCount "94"]
[EventDate "2012.09.01"]
[EventType "swiss"]
[EventRounds "9"]
[EventCountry "ESP"]
[Source "lmi"]
[SourceDate "2012.09.01"]

1. e4 c6 2. d4 d5 3. f3 e6 4. Be3 Qb6 5. Nd2 c5 6. dxc5 Bxc5 7. Bxc5 Qxc5 8.
exd5 Qxd5 9. Bc4 Qa5 10. Qe2 Nf6 11. O-O-O Nc6 12. Ne4 Nxe4 13. Qxe4 Qe5 14.
Qd3 O-O 15. Nh3 Qf6 16. Qd6 Qe5 17. Rhe1 Qxd6 18. Rxd6 a6 19. f4 Na5 20. Be2 b5
21. Bf3 Bb7 22. Ng5 Bxf3 23. Nxf3 Nc4 24. Rd7 Nb6 25. Rd4 Rfd8 26. Red1 Rxd4
27. Rxd4 Kf8 28. Ne5 Nd5 29. g3 Rc8 30. a3 a5 31. Kb1 f6 32. Nd3 Ke7 33. f5 Kf7
34. fxe6+ Kxe6 35. Nf4+ Nxf4 36. Rxf4 g5 37. Rf2 f5 38. c3 Ke5 39. Re2+ Kd5 40.
Kc2 a4 41. Re7 Rf8 42. Re1 Kc4 43. Rd1 f4 44. g4 f3 45. Rf1 f2 46. Kd2 Kb3 47.
Kc1 h6 0-1

[Event "3. Memorial Oliver Gonzalez 2012 - B"]
[Site "Madrid ESP"]
[Date "2012.09.09"]
[Round "9.8"]
[White "Juberias Guillen, Paloma"]
[Black "Rives Higueras, Alan"]
[Result "1-0"]
[WhiteElo "1788"]
[BlackElo "1959"]
[PlyCount "65"]
[EventDate "2012.09.01"]
[EventType "swiss"]
[EventRounds "9"]
[EventCountry "ESP"]
[Source "lmi"]
[SourceDate "2012.09.01"]

1. d4 Nf6 2. c4 e5 3. dxe5 Ng4 4. Bf4 Bb4+ 5. Nd2 Nc6 6. Ngf3 Qe7 7. e3 Ngxe5
8. Nxe5 Nxe5 9. Be2 d6 10. O-O Bxd2 11. Qxd2 Be6 12. c5 O-O-O 13. cxd6 Rxd6 14.
Qc3 f6 15. Bxe5 fxe5 16. Qxe5 Rd5 17. Qc3 Rg5 18. f4 Rd5 19. Bf3 Rb5 20. Rfc1
Rf8 21. a4 Rb3 22. Qe5 Kb8 23. a5 Rf5 24. Qd4 Rb4 25. Qd2 g5 26. a6 gxf4 27.
axb7 Rfb5 28. Qc3 Qf7 29. Ra6 Rb6 30. Rxb6 Rxb6 31. Ra1 a6 32. Qd3 Bc4 33. Qd8+
1-0

[Event "3. Memorial Oliver Gonzalez 2012 - B"]
[Site "Madrid ESP"]
[Date "2012.09.09"]
[Round "9.9"]
[White "Noval Toldos, Francisco Javier"]
[Black "Plazuelo Pascual, Juan"]
[Result "0-1"]
[WhiteElo "1956"]
[BlackElo "1721"]
[PlyCount "90"]
[EventDate "2012.09.01"]
[EventType "swiss"]
[EventRounds "9"]
[EventCountry "ESP"]
[Source "lmi"]
[SourceDate "2012.09.01"]

1. e4 e6 2. d4 d5 3. e5 c5 4. Qg4 cxd4 5. Nf3 Nc6 6. Bd3 Nge7 7. O-O Ng6 8. Re1
Be7 9. a3 Qc7 10. h4 O-O 11. Bxg6 fxg6 12. Bf4 Bd7 13. Nbd2 Rf5 14. Nb3 Raf8
15. Bg3 Qb6 16. Rad1 Bc5 17. Nxc5 Qxc5 18. Re2 Qb6 19. b4 a5 20. bxa5 Qxa5 21.
Rd3 Qa4 22. Red2 Ra8 23. Rb3 Na5 24. Rxd4 Nxb3 25. Rxa4 Rxa4 26. Qxa4 Bxa4 27.
cxb3 Bd7 28. Nd4 Rf8 29. Kf1 Ra8 30. Nc2 Rc8 31. Nd4 Ra8 32. Nc2 Bb5+ 33. Ke1
Bd3 34. Nb4 Be4 35. f3 Rxa3 36. fxe4 Rxb3 37. exd5 Rxb4 38. d6 Rd4 39. Ke2 Rd5
40. Ke3 Kf7 41. Bf4 Ke8 42. Ke4 Kd7 43. g4 h5 44. gxh5 gxh5 45. Bg5 Kc6 0-1

[Event "3. Memorial Oliver Gonzalez 2012 - B"]
[Site "Madrid ESP"]
[Date "2012.09.09"]
[Round "9.10"]
[White "Merino Araguas, Jose Javier"]
[Black "Morona Minguez, Irene"]
[Result "0-1"]
[WhiteElo "1811"]
[BlackElo "1952"]
[PlyCount "80"]
[EventDate "2012.09.01"]
[EventType "swiss"]
[EventRounds "9"]
[EventCountry "ESP"]
[Source "lmi"]
[SourceDate "2012.09.01"]

1. d4 Nf6 2. c4 g6 3. Nc3 Bg7 4. g3 d6 5. Bg2 O-O 6. Nf3 Nbd7 7. O-O e5 8. e4
c6 9. b3 exd4 10. Nxd4 Re8 11. h3 Nc5 12. Re1 a5 13. Rb1 Nfd7 14. Be3 h5 15.
Qd2 Qf6 16. Rbd1 h4 17. Bg5 Qxd4 18. Qxd4 Bxd4 19. Rxd4 Ne6 20. Be3 Nxd4 21.
Bxd4 hxg3 22. fxg3 Ne5 23. Rf1 Bd7 24. Kh2 Kg7 25. Nd1 f6 26. Ne3 Rh8 27. g4
Be6 28. Kg3 a4 29. b4 Rhf8 30. a3 g5 31. c5 Rfd8 32. cxd6 Rd7 33. Bc5 b6 34.
Bxb6 Rxd6 35. Bc5 Rd3 36. Kh2 Rxa3 37. Nf5+ Bxf5 38. exf5 Ra2 39. Kg3 Rd2 40.
b5 cxb5 0-1

[Event "3. Memorial Oliver Gonzalez 2012 - B"]
[Site "Madrid ESP"]
[Date "2012.09.09"]
[Round "9.12"]
[White "Vazquez Gonzalez, Francisco"]
[Black "Calleja Sanchez, Alfredo J"]
[Result "1-0"]
[WhiteElo "2049"]
[BlackElo "1903"]
[PlyCount "99"]
[EventDate "2012.09.01"]
[EventType "swiss"]
[EventRounds "9"]
[EventCountry "ESP"]
[Source "lmi"]
[SourceDate "2012.09.01"]

1. e4 c5 2. Nf3 Nc6 3. d4 cxd4 4. Nxd4 g6 5. Be3 Nf6 6. Nc3 Bg7 7. Bc4 Qa5 8.
Bb3 Nxe4 9. Qd3 Nxc3 10. bxc3 O-O 11. O-O d6 12. Nxc6 bxc6 13. Bd4 e5 14. Be3
d5 15. Qd2 Be6 16. Rad1 Rfd8 17. Bh6 c5 18. Bxg7 Kxg7 19. Qe3 f6 20. f4 e4 21.
c4 d4 22. Qxe4 Qa6 23. f5 Bf7 24. fxg6 hxg6 25. Rf3 Re8 26. Qf4 g5 27. Qg3 Re5
28. Rdf1 Rae8 29. c3 Re3 30. cxd4 cxd4 31. Qf2 Rxf3 32. Qxf3 Qb6 33. c5 Qd8 34.
Bxf7 Kxf7 35. Rd1 Qe7 36. Qd5+ Qe6 37. Qxd4 Rc8 38. a4 Rc6 39. Rb1 Kg6 40. h3
Qf5 41. Rc1 Qe5 42. Qxe5 fxe5 43. Kf2 Kf5 44. Ke3 Kf6 45. Kd3 a6 46. Kc4 Ke6
47. Rb1 e4 48. Rb6 Kd7 49. Rxc6 Kxc6 50. Kd4 1-0

[Event "3. Memorial Oliver Gonzalez 2012 - B"]
[Site "Madrid ESP"]
[Date "2012.09.09"]
[Round "9.13"]
[White "Sacristan Latorre, Alberto"]
[Black "Garcia Salamero, Hector"]
[Result "1-0"]
[WhiteElo "2041"]
[BlackElo "1868"]
[PlyCount "117"]
[EventDate "2012.09.01"]
[EventType "swiss"]
[EventRounds "9"]
[EventCountry "ESP"]
[Source "lmi"]
[SourceDate "2012.09.01"]

1. e4 e5 2. Nf3 Nc6 3. d4 exd4 4. Nxd4 Bc5 5. Be3 Qf6 6. c3 Nge7 7. Bc4 d6 8.
O-O O-O 9. Nxc6 Nxc6 10. Bxc5 dxc5 11. f4 Be6 12. Bb5 Rad8 13. Qe2 Bd7 14. Nd2
a6 15. Bd3 Qg6 16. Nf3 Rfe8 17. Bc2 Bg4 18. e5 Bf5 19. Bxf5 Qxf5 20. Qc4 Rd7
21. g3 Red8 22. Qxc5 Rd3 23. Qc4 Qg4 24. Qe4 h6 25. Rae1 R8d7 26. e6 fxe6 27.
Qxe6+ Qxe6 28. Rxe6 Rd1 29. Ree1 R1d3 30. Kf2 Rd8 31. Re6 R3d5 32. Rfe1 Kf7 33.
Ne5+ Nxe5 34. R6xe5 R5d7 35. R1e2 b6 36. g4 Rf8 37. f5 Kf6 38. h4 Rfd8 39. Re6+
Kf7 40. Rc6 Rc8 41. Kf3 Rcd8 42. Kf4 Rf8 43. g5 hxg5+ 44. hxg5 Rh8 45. Rce6 Rf8
46. Rh2 Rd5 47. Rhe2 Kg8 48. R6e5 Rd7 49. Re7 Rd5 50. R7e5 Rd7 51. Re8 Rxe8 52.
Rxe8+ Kf7 53. Re2 Rd5 54. g6+ Kf8 55. b3 Rd6 56. Rh2 Rd5 57. c4 Rc5 58. Rh8+
Ke7 59. Rg8 1-0

[Event "3. Memorial Oliver Gonzalez 2012 - B"]
[Site "Madrid ESP"]
[Date "2012.09.09"]
[Round "9.14"]
[White "Abul, Qasem"]
[Black "Camarero Izquierdo, Juan Carlo"]
[Result "0-1"]
[WhiteElo "2030"]
[BlackElo "1899"]
[PlyCount "117"]
[EventDate "2012.09.01"]
[EventType "swiss"]
[EventRounds "9"]
[EventCountry "ESP"]
[Source "lmi"]
[SourceDate "2012.09.01"]

1. g4 d5 2. Bg2 Bxg4 3. c4 e5 4. cxd5 Bd6 5. d4 exd4 6. Qxd4 Nf6 7. e4 O-O 8.
f4 Na6 9. e5 Bb4+ 10. Kf1 Bc5 11. Qc4 Nd7 12. Nc3 Nb6 13. Qe4 Qd7 14. Nge2 Bf5
15. Qf3 Nb4 16. a3 Nc2 17. Rb1 Nc4 18. b4 N4e3+ 19. Kf2 Ng4+ 20. Kf1 Nce3+ 21.
Ke1 Nxg2+ 22. Qxg2 Bf2+ 23. Kd2 Bxb1 24. Nxb1 Be3+ 25. Kc3 Bxc1 26. Rg1 f5 27.
e6 Qe7 28. Nxc1 a5 29. Nd3 Rfd8 30. Re1 c6 31. dxc6 bxc6 32. Nc5 axb4+ 33. axb4
Qf6+ 34. Kb3 Qe7 35. Nc3 Rd6 36. h3 Nf6 37. Re5 Nd5 38. Rxf5 Rf8 39. Nxd5 cxd5
40. Rxd5 Rxf4 41. Qd2 Rxd5 42. Qxf4 g5 43. Qe4 Rd8 44. Kc4 Qd6 45. Qf3 Qf4+ 46.
Qe4 h5 47. Kb5 Qxe4 48. Nxe4 Kg7 49. Kc6 g4 50. hxg4 hxg4 51. e7 Ra8 52. Kd7
Ra7+ 53. Ke6 Ra6+ 54. Nd6 Ra8 55. b5 Kg6 56. b6 g3 57. b7 Rb8 58. Nf5 g2 59.
Nd6 0-1

[Event "3. Memorial Oliver Gonzalez 2012 - B"]
[Site "Madrid ESP"]
[Date "2012.09.09"]
[Round "9.16"]
[White "Fernandez Lago, David"]
[Black "Ore Leon, Gustavo"]
[Result "1/2-1/2"]
[WhiteElo "1976"]
[BlackElo "1812"]
[PlyCount "99"]
[EventDate "2012.09.01"]
[EventType "swiss"]
[EventRounds "9"]
[EventCountry "ESP"]
[Source "lmi"]
[SourceDate "2012.09.01"]

1. e4 c5 2. Ne2 d6 3. g3 g6 4. Bg2 Bg7 5. O-O Nf6 6. c3 O-O 7. d4 Nbd7 8. h3 e5
9. Be3 Qe7 10. Nd2 b6 11. dxe5 dxe5 12. a4 Bb7 13. Qc2 Rfd8 14. Rfd1 Ba6 15. c4
Nf8 16. Nf3 Bb7 17. Nc3 Ne8 18. a5 Ne6 19. axb6 Nd4 20. Bxd4 exd4 21. Nd5 Bxd5
22. exd5 axb6 23. Rxa8 Rxa8 24. Re1 Qc7 25. Nxd4 Bxd4 26. d6 Qxd6 27. Bxa8
Qxg3+ 28. Bg2 Nd6 29. Kf1 Qf4 30. Re2 Nf5 31. Qb3 Qc1+ 32. Re1 Qf4 33. Qf3 Qxf3
34. Bxf3 Bxb2 35. Rb1 Bd4 36. Rxb6 h5 37. Bd5 Kg7 38. Rb7 Nh6 39. f4 Kf6 40.
Ke2 Bg1 41. Kf3 Bd4 42. Ke4 h4 43. Rc7 Bf2 44. Kd3 Bd4 45. Ke2 Bg1 46. Kf3 Bd4
47. f5 gxf5 48. Rc6+ Kg5 49. Rxh6 Kxh6 50. Bxf7 1/2-1/2

[Event "3. Memorial Oliver Gonzalez 2012 - B"]
[Site "Madrid ESP"]
[Date "2012.09.09"]
[Round "9.17"]
[White "Diaz Begonte, Manuel"]
[Black "Mañas Molina, Angel"]
[Result "0-1"]
[WhiteElo "1776"]
[BlackElo "1939"]
[PlyCount "62"]
[EventDate "2012.09.01"]
[EventType "swiss"]
[EventRounds "9"]
[EventCountry "ESP"]
[Source "lmi"]
[SourceDate "2012.09.01"]

1. e4 c5 2. d4 cxd4 3. c3 dxc3 4. Nxc3 e6 5. Nf3 Nc6 6. Bc4 Qc7 7. Qe2 Nf6 8.
e5 Ng4 9. Bf4 d5 10. exd6 Bxd6 11. Bxd6 Qxd6 12. Rd1 Qc5 13. O-O O-O 14. Ne4
Qh5 15. Ng3 Qc5 16. Rc1 Qe7 17. h3 Nf6 18. Rfd1 Bd7 19. a3 Rfd8 20. Ba2 Be8 21.
Bb1 Rxd1+ 22. Rxd1 Rd8 23. Rd3 Rxd3 24. Qxd3 Qd8 25. Qc2 g6 26. h4 Nd4 27. Qd3
Nxf3+ 28. Qxf3 Bc6 29. Qe2 Qd5 30. f3 Qd4+ 31. Kh1 Qxh4+ 0-1

[Event "3. Memorial Oliver Gonzalez 2012 - B"]
[Site "Madrid ESP"]
[Date "2012.09.09"]
[Round "9.19"]
[White "Callejo Hernanz, Jesus Maria"]
[Black "Rodriguez Dorado, Victor"]
[Result "1/2-1/2"]
[WhiteElo "1798"]
[BlackElo "1958"]
[PlyCount "86"]
[EventDate "2012.09.01"]
[EventType "swiss"]
[EventRounds "9"]
[EventCountry "ESP"]
[Source "lmi"]
[SourceDate "2012.09.01"]

1. c4 g6 2. Nf3 Bg7 3. g3 c5 4. Nc3 Nc6 5. Bg2 Nf6 6. O-O O-O 7. d4 cxd4 8.
Nxd4 Nxd4 9. Qxd4 d6 10. Bg5 h6 11. Be3 Ng4 12. Qd2 Nxe3 13. Qxe3 Be6 14. b3
Qb6 15. Qd2 Qd4 16. Qxd4 Bxd4 17. Rac1 Bxc3 18. Rxc3 Rab8 19. Rfc1 b6 20. Bd5
Bg4 21. Re3 Rfe8 22. Kg2 Kf8 23. h3 Bd7 24. Rd1 Rec8 25. Rd4 Rc7 26. Rh4 Kg7
27. Rd4 Be8 28. f4 Rd8 29. Bf3 Kf6 30. Red3 Bc6 31. e4 Rcd7 32. Rd2 a5 33. Kf2
h5 34. Ke3 e5 35. R4d3 Ke6 36. f5+ Kf6 37. fxg6 fxg6 38. g4 Kg5 39. gxh5 gxh5
40. Rh2 Rf8 41. h4+ Kh6 42. Bg2 Rf4 43. Bh1 Rg4 1/2-1/2

[Event "3. Memorial Oliver Gonzalez 2012 - B"]
[Site "Madrid ESP"]
[Date "2012.09.09"]
[Round "9.20"]
[White "Marcos Herrero, Francisco"]
[Black "Alfaya Marcelo, Roberto"]
[Result "1/2-1/2"]
[WhiteElo "1937"]
[BlackElo "1740"]
[PlyCount "55"]
[EventDate "2012.09.01"]
[EventType "swiss"]
[EventRounds "9"]
[EventCountry "ESP"]
[Source "lmi"]
[SourceDate "2012.09.01"]

1. d4 Nf6 2. c4 g6 3. g3 Bg7 4. Bg2 O-O 5. Nc3 d6 6. Nf3 Nbd7 7. O-O e5 8. e4
exd4 9. Nxd4 Re8 10. h3 a6 11. Be3 Rb8 12. b3 c5 13. Nde2 b5 14. Qxd6 Rb6 15.
Qd3 b4 16. Na4 Rbe6 17. Nf4 Re5 18. Rad1 Qa5 19. f3 Bb7 20. Nd5 Bc6 21. Bf4
Bxa4 22. Bxe5 Nxe5 23. Nxf6+ Bxf6 24. Qd6 Re6 25. Qb8+ Re8 26. Qd6 Re6 27. Qb8+
Re8 28. Qd6 1/2-1/2

[Event "3. Memorial Oliver Gonzalez 2012 - B"]
[Site "Madrid ESP"]
[Date "2012.09.09"]
[Round "9.21"]
[White "Vargas Huamani, Juan C"]
[Black "Martinez Miura, Enrique"]
[Result "0-1"]
[WhiteElo "1898"]
[BlackElo "1707"]
[PlyCount "60"]
[EventDate "2012.09.01"]
[EventType "swiss"]
[EventRounds "9"]
[EventCountry "ESP"]
[Source "lmi"]
[SourceDate "2012.09.01"]

1. e4 e6 2. d4 d5 3. Nd2 dxe4 4. Nxe4 Nd7 5. Nf3 Ngf6 6. Bd3 Be7 7. O-O O-O 8.
Qe2 b6 9. Ne5 Bb7 10. Ng5 h6 11. Ngf3 c5 12. c3 cxd4 13. Nxd4 Nxe5 14. Qxe5 Bd6
15. Qe2 Bc5 16. Nf3 Qc7 17. Be3 Bxe3 18. fxe3 Ng4 19. h3 Bxf3 20. gxf3 Qg3+ 21.
Kh1 Qxh3+ 22. Kg1 Ne5 23. Be4 Rad8 24. Rf2 f5 25. Rh2 Qg3+ 26. Rg2 Qh4 27. Bc2
Rd2 28. Qf1 Rxg2+ 29. Qxg2 Rf6 30. Kf1 Rg6 0-1

[Event "3. Memorial Oliver Gonzalez 2012 - B"]
[Site "Madrid ESP"]
[Date "2012.09.09"]
[Round "9.22"]
[White "Yeves Miquel, Enrique"]
[Black "Ortega Morales, Pedro"]
[Result "1/2-1/2"]
[WhiteElo "1754"]
[BlackElo "1876"]
[PlyCount "126"]
[EventDate "2012.09.01"]
[EventType "swiss"]
[EventRounds "9"]
[EventCountry "ESP"]
[Source "lmi"]
[SourceDate "2012.09.01"]

1. d4 Nf6 2. c4 c5 3. d5 b5 4. cxb5 a6 5. b6 Qxb6 6. Nc3 g6 7. Nf3 d6 8. Nd2
Bg7 9. e4 Nbd7 10. Nc4 Qc7 11. a4 a5 12. Na3 Ba6 13. Nab5 Bxb5 14. Bxb5 O-O 15.
O-O Nb6 16. h3 e6 17. Bf4 e5 18. Bg5 h6 19. Be3 Nbd7 20. Qd2 Kh7 21. Qc2 Nb8
22. Bd2 Qd8 23. Bd3 Na6 24. Bxa6 Rxa6 25. Nb5 Ne8 26. Bc3 Qd7 27. Qd2 Nc7 28.
Nxc7 Qxc7 29. g4 Qd7 30. Kh2 f5 31. gxf5 gxf5 32. exf5 Qxf5 33. Rad1 Qf4+ 34.
Qxf4 Rxf4 35. Ra1 Ra7 36. f3 Bf8 37. b3 Be7 38. Rad1 Bd8 39. Bd2 Rf5 40. f4
Raf7 41. Kg3 h5 42. Kg2 exf4 43. Bc3 f3+ 44. Kg3 h4+ 45. Kf2 Rb7 46. Rg1 Rxb3
47. Rg7+ Kh6 48. Ba1 Ra3 49. Rdg1 Ra2+ 50. Ke3 Bg5+ 51. Ke4 Re5+ 52. Bxe5 Re2+
53. Kxf3 Rxe5 54. Ra7 Rxd5 55. Rxa5 Rd3+ 56. Kg4 Rd2 57. Kf5 Rf2+ 58. Ke6 Bf4
59. Rg4 Bg3 60. Ra8 Kh7 61. Rag8 Re2+ 62. Kd7 Re3 63. R8g7+ Kh6 1/2-1/2

[Event "3. Memorial Oliver Gonzalez 2012 - B"]
[Site "Madrid ESP"]
[Date "2012.09.09"]
[Round "9.23"]
[White "Sanchez Lopez, Maria"]
[Black "Hernanz Villaoslada, Javier"]
[Result "1-0"]
[WhiteElo "1873"]
[BlackElo "1658"]
[PlyCount "83"]
[EventDate "2012.09.01"]
[EventType "swiss"]
[EventRounds "9"]
[EventCountry "ESP"]
[Source "lmi"]
[SourceDate "2012.09.01"]

1. d4 Nf6 2. c4 g6 3. Nc3 Bg7 4. e4 d6 5. Nf3 O-O 6. Be2 Nbd7 7. Be3 e5 8. O-O
a5 9. a3 exd4 10. Nxd4 Nc5 11. f3 a4 12. Bd3 Ne8 13. Bc2 Bd7 14. Ndb5 Bxb5 15.
cxb5 b6 16. Rb1 Qd7 17. Bxc5 bxc5 18. Bxa4 Qe7 19. Bb3 Bxc3 20. bxc3 Rxa3 21.
Ra1 Rxa1 22. Qxa1 Ng7 23. Bd5 Ne6 24. f4 Rb8 25. f5 Nd8 26. Qc1 Rxb5 27. Qh6
Qf8 28. Qg5 Rb8 29. fxg6 hxg6 30. Qxg6+ Qg7 31. Qf5 Rb2 32. g4 c6 33. Bc4 Rd2
34. Qd7 Qf8 35. Rf5 d5 36. Rg5+ Kh8 37. Qf5 Rd1+ 38. Kf2 Rd2+ 39. Kf3 Rxh2 40.
Qf6+ Kh7 41. exd5 Qh6 42. Bd3+ 1-0

[Event "3. Memorial Oliver Gonzalez 2012 - B"]
[Site "Madrid ESP"]
[Date "2012.09.09"]
[Round "9.25"]
[White "Hernandez Ramos, David"]
[Black "Alvarez Escudero, Manuel"]
[Result "1-0"]
[WhiteElo "1661"]
[BlackElo "1826"]
[PlyCount "85"]
[EventDate "2012.09.01"]
[EventType "swiss"]
[EventRounds "9"]
[EventCountry "ESP"]
[Source "lmi"]
[SourceDate "2012.09.01"]

1. d4 d5 2. c4 c6 3. cxd5 Qxd5 4. Nc3 Qa5 5. g3 Nf6 6. Bg2 e6 7. Nf3 Bb4 8. Bd2
Nd5 9. Nxd5 Bxd2+ 10. Qxd2 Qxd2+ 11. Nxd2 exd5 12. O-O Bf5 13. Rfc1 Nd7 14. b4
a6 15. Nb3 Ke7 16. Nc5 Nxc5 17. bxc5 Kd7 18. Rc3 Rhe8 19. e3 b5 20. cxb6 Reb8
21. Rb3 Bc2 22. Rb2 Bd3 23. h4 a5 24. Bh3+ Kd6 25. a4 Ra6 26. Rd1 Be4 27. b7 f5
28. f3 Bxf3 29. Rf1 Be4 30. Bxf5 Bxf5 31. Rxf5 Ke6 32. Re5+ Kd6 33. Rg5 g6 34.
h5 Ke6 35. hxg6 Kf6 36. gxh7 Kxg5 37. h8=Q Rxh8 38. b8=Q Rxb8 39. Rxb8 Kf5 40.
Kf2 Ke4 41. g4 Ra7 42. Ke2 Re7 43. Rf8 1-0

[Event "3. Memorial Oliver Gonzalez 2012 - B"]
[Site "Madrid ESP"]
[Date "2012.09.09"]
[Round "9.26"]
[White "Palenciano Escolar, Adrian"]
[Black "Perez Llera, Javier"]
[Result "1/2-1/2"]
[WhiteElo "1640"]
[BlackElo "2015"]
[PlyCount "66"]
[EventDate "2012.09.01"]
[EventType "swiss"]
[EventRounds "9"]
[EventCountry "ESP"]
[Source "lmi"]
[SourceDate "2012.09.01"]

1. e4 c6 2. d4 d5 3. Nc3 dxe4 4. Nxe4 Bf5 5. Ng3 Bg6 6. h4 h6 7. h5 Bh7 8. Nf3
Nd7 9. Bd3 Bxd3 10. Qxd3 Ngf6 11. Bd2 e6 12. O-O-O Qc7 13. Qe2 O-O-O 14. Ne5
Nxe5 15. dxe5 Nd7 16. f4 Be7 17. Ne4 Nc5 18. Rh3 Rd4 19. Nxc5 Bxc5 20. Be3
Rxd1+ 21. Qxd1 Rd8 22. Qe2 Qa5 23. Bxc5 Qxc5 24. Rf3 Qd5 25. c4 Qc5 26. Kc2 a5
27. g3 a4 28. Rc3 Rd4 29. Qe3 Kc7 30. b4 axb3+ 31. axb3 Qa7 32. Kb2 c5 33. Rd3
Qb6 1/2-1/2

[Event "3. Memorial Oliver Gonzalez 2012 - B"]
[Site "Madrid ESP"]
[Date "2012.09.09"]
[Round "9.27"]
[White "Julian Serra, Rogelio"]
[Black "Rodriguez Varela, Alvaro"]
[Result "1-0"]
[WhiteElo "2042"]
[BlackElo "1752"]
[PlyCount "57"]
[EventDate "2012.09.01"]
[EventType "swiss"]
[EventRounds "9"]
[EventCountry "ESP"]
[Source "lmi"]
[SourceDate "2012.09.01"]

1. c4 e5 2. g3 Nf6 3. Bg2 d5 4. cxd5 Nxd5 5. Nc3 Nxc3 6. bxc3 Nc6 7. Qb3 Be7 8.
Bb2 O-O 9. Nf3 e4 10. Nd4 Nxd4 11. cxd4 Be6 12. Qc2 Bd5 13. O-O f5 14. d3 exd3
15. Bxd5+ Qxd5 16. Qxd3 Bf6 17. Rfc1 Qd7 18. Rab1 c6 19. a4 Rfd8 20. e3 Rac8
21. Ba3 g6 22. Qb3+ Kg7 23. Qxb7 Rc7 24. Qa6 g5 25. Rc2 f4 26. Rcb2 f3 27. Rb7
Qh3 28. Rxc7+ Kh6 29. Qf1 1-0

[Event "3. Memorial Oliver Gonzalez 2012 - B"]
[Site "Madrid ESP"]
[Date "2012.09.09"]
[Round "9.28"]
[White "Lopez Heras, Arturo"]
[Black "Titeiu, Melania"]
[Result "1-0"]
[WhiteElo "1976"]
[BlackElo "1695"]
[PlyCount "131"]
[EventDate "2012.09.01"]
[EventType "swiss"]
[EventRounds "9"]
[EventCountry "ESP"]
[Source "lmi"]
[SourceDate "2012.09.01"]

1. e4 c5 2. Nf3 Nc6 3. d4 cxd4 4. Nxd4 Nf6 5. Nc3 e5 6. Nb3 Bb4 7. Bg5 h6 8.
Bxf6 Bxc3+ 9. bxc3 Qxf6 10. Bc4 O-O 11. O-O b6 12. Re1 Rd8 13. Re3 Bb7 14. Rf3
Qh4 15. Rxf7 Kh7 16. Qf3 Ne7 17. g3 Qg5 18. h4 Qg6 19. Rxe7 Bxe4 20. Qf7 d5 21.
Bd3 Qxf7 22. Rxf7 Bg6 23. Bxg6+ Kxg6 24. Rc7 Rdc8 25. Rxc8 Rxc8 26. Re1 Kf6 27.
Re3 Rc7 28. Kf1 Rc4 29. Ke1 Ra4 30. Nc1 Kf5 31. Kd2 e4 32. f3 g5 33. g4+ Ke5
34. hxg5 hxg5 35. Nd3+ Kf6 36. fxe4 dxe4 37. Nb4 Ke5 38. Nd3+ Kf6 39. Nf2 Ke5
40. a3 Rc4 41. Nd3+ Kd5 42. Nb2 Rc7 43. c4+ Kd4 44. c3+ Ke5 45. Nd3+ Kf6 46.
Rxe4 Rd7 47. Ke2 Rh7 48. c5 Rh2+ 49. Ke3 bxc5 50. Nxc5 Ra2 51. a4 Ra1 52. Kd3
Rd1+ 53. Kc4 Rd6 54. Kb5 Rb6+ 55. Ka5 Rc6 56. Nd7+ Kg7 57. c4 Rd6 58. Re7+ Kh6
59. c5 Rc6 60. Kb5 Rc7 61. c6 Rc8 62. Kc5 Ra8 63. c7 Rc8 64. Kd6 Ra8 65. Nf6
Rf8 66. Ne8 1-0

[Event "3. Memorial Oliver Gonzalez 2012 - B"]
[Site "Madrid ESP"]
[Date "2012.09.09"]
[Round "9.29"]
[White "Lacaci Otero, Ivan"]
[Black "Sanchez Gomez, Emiliano"]
[Result "0-1"]
[WhiteElo "1686"]
[BlackElo "1933"]
[PlyCount "80"]
[EventDate "2012.09.01"]
[EventType "swiss"]
[EventRounds "9"]
[EventCountry "ESP"]
[Source "lmi"]
[SourceDate "2012.09.01"]

1. e4 c5 2. Nf3 a6 3. d4 cxd4 4. Nxd4 Nf6 5. Nc3 e5 6. Nf5 d5 7. Bg5 Bxf5 8.
exf5 Bb4 9. a3 Bxc3+ 10. bxc3 Qa5 11. Bd2 Qc7 12. Rb1 Nbd7 13. g3 Ne4 14. c4
Nxd2 15. Qxd2 dxc4 16. Bg2 Rb8 17. O-O O-O 18. Rfd1 Nf6 19. Qd6 Rfc8 20. Bxb7
Rxb7 21. Rxb7 Qxb7 22. Qxe5 h6 23. Qa5 Kh7 24. Rd6 Re8 25. Qb4 Qb5 26. f4 Rb8
27. c3 a5 28. Qxb5 Rxb5 29. Rc6 Rb3 30. Rxc4 Rxa3 31. Rc7 Nd5 32. Rxf7 Rxc3 33.
Rd7 Rc5 34. Kf2 Nf6 35. Ra7 Rxf5 36. Kf3 Rb5 37. h3 Rb3+ 38. Kg2 Ra3 39. g4 Nd5
40. Rf7 Kg8 0-1

[Event "3. Memorial Oliver Gonzalez 2012 - B"]
[Site "Madrid ESP"]
[Date "2012.09.09"]
[Round "9.30"]
[White "Perez Alvarez, Javier"]
[Black "Yaniz Lana, Francisco Javier"]
[Result "1-0"]
[WhiteElo "1834"]
[BlackElo "1667"]
[PlyCount "89"]
[EventDate "2012.09.01"]
[EventType "swiss"]
[EventRounds "9"]
[EventCountry "ESP"]
[Source "lmi"]
[SourceDate "2012.09.01"]

1. e4 c5 2. Nf3 d6 3. d4 Nf6 4. Nc3 cxd4 5. Nxd4 Nc6 6. f4 g6 7. Nf3 Bg7 8. Bd3
O-O 9. O-O Bd7 10. Qe1 Rc8 11. Kh1 a6 12. Qh4 e5 13. f5 Nh5 14. fxg6 Qxh4 15.
gxh7+ Kxh7 16. Nxh4 Nd4 17. Nf5 Bxf5 18. exf5 f6 19. g4 Nf4 20. Bxf4 exf4 21.
Rxf4 Nc6 22. Rd1 Rfe8 23. Re4 Ne5 24. Be2 Rcd8 25. Nd5 Rc8 26. c3 Kh6 27. Nf4
Red8 28. Ne6 Rd7 29. Re3 Kh7 30. Kg2 Kg8 31. h3 Bh6 32. Re4 b5 33. h4 Bf8 34.
g5 fxg5 35. Rxe5 gxh4 36. Nxf8 Kxf8 37. Red5 Rg7+ 38. Kf3 Rg3+ 39. Kf4 Rg2 40.
R1d2 Ke7 41. Bf3 Rgg8 42. Rxd6 Rh8 43. Rd7+ Kf8 44. Rd8+ Kg7 45. R2d7+ 1-0

[Event "3. Memorial Oliver Gonzalez 2012 - B"]
[Site "Madrid ESP"]
[Date "2012.09.09"]
[Round "9.31"]
[White "Duque Suarez, Leonardo"]
[Black "Dominguez Alfara, Miguel"]
[Result "0-1"]
[WhiteElo "1640"]
[BlackElo "1828"]
[PlyCount "38"]
[EventDate "2012.09.01"]
[EventType "swiss"]
[EventRounds "9"]
[EventCountry "ESP"]
[Source "lmi"]
[SourceDate "2012.09.01"]

1. e4 e5 2. Nf3 Nf6 3. Nxe5 d6 4. Nf3 Nxe4 5. d4 d5 6. Bd3 Bd6 7. O-O O-O 8. c4
c6 9. c5 Bc7 10. Re1 f5 11. Nc3 Nd7 12. Nd2 Qh4 13. g3 Qf6 14. Nb3 f4 15. Bxf4
Bxf4 16. gxf4 Qg6+ 17. Kf1 Ndxc5 18. Nxc5 Bh3+ 19. Ke2 Qg4+ 0-1